书目信息 |
| 题名: |
网络舆论引导机制研究
|
|
| 作者: | 薛宝琴 著 | |
| 分册: | ||
| 出版信息: | 北京 人民日报出版社 2018 |
|
| 页数: | 181页 | |
| 开本: | 25cm | |
| 丛书名: | 人民日报学术文库 | |
| 单 册: | ||
| 中图分类: | G206.2 , G219 | |
| 科图分类: | ||
| 主题词: | 互联网络--Hu Lian Wang Luo--舆论--研究 | |
| 电子资源: | ||
| ISBN: | 978-7-5115-5541-0 | |
| 000 | 00835cam 2200277 450 | |
| 001 | 012001003458 | |
| 005 | 20131013112021.0 | |
| 010 | @a978-7-5115-5541-0@b精装@dCNY68.00 | |
| 099 | @aCAL 012018127874 | |
| 100 | @a20181015d2018 em y0chiy50 ea | |
| 101 | 0 | @achi |
| 102 | @aCN@b110000 | |
| 105 | @aak a 000yy | |
| 106 | @ar | |
| 200 | 1 | @a网络舆论引导机制研究@AWang Luo Yu Lun Yin Dao Ji Zhi Yan Jiu@f薛宝琴著 |
| 210 | @a北京@c人民日报出版社@d2018 | |
| 215 | @a181页@c图@d25cm | |
| 225 | 2 | @a人民日报学术文库@ARen Min Ri Bao Xue Shu Wen Ku |
| 320 | @a有书目 (第170-181页) | |
| 410 | 0 | @12001 @a人民日报学术文库 |
| 606 | 0 | @a互联网络@AHu Lian Wang Luo@x舆论@x研究 |
| 690 | @aG206.2@v5 | |
| 690 | @aG219@v5 | |
| 701 | 0 | @a薛宝琴@AXue Baoqin@4著 |
| 801 | @b江苏凤凰@c20191020 | |
| 905 | @b1232990-5@dG206.2@e784@f6 | |
| 网络舆论引导机制研究/薛宝琴著.-北京:人民日报出版社,2018 |
| 181页:图;25cm.-(人民日报学术文库) |
| ISBN 978-7-5115-5541-0(精装):CNY68.00 |
| ● |
| 相关链接 |
|
|
|
|
正题名:网络舆论引导机制研究
索取号:G206.2/784
 
预约/预借
| 序号 | 登录号 | 条形码 | 馆藏地/架位号 | 状态 | 备注 |
| 1 | 1232990 | 212329906 | 第一样本阅览室/ [索取号:G206.2/784] | 在馆 | |
| 2 | 1232991 | 212329915 | 教育系资料室/ [索取号:G206.2/784] | 在馆 | |
| 3 | 1232992 | 212329924 | 教育系资料室/ [索取号:G206.2/784] | 在馆 | |
| 4 | 1232993 | 212329933 | 教育系资料室/ [索取号:G206.2/784] | 在馆 | |
| 5 | 1232994 | 212329942 | 第四借阅区/ [索取号:G206.2/784] | 在馆 | |
| 6 | 1232995 | 212329951 | 第四借阅区/ [索取号:G206.2/784] | 在馆 |